000 00546nam a2200181Ia 4500
005 20250508155051.0
008 008 250505s9999 xx 000 0 eng d
037 _aTextual
040 _aFEDL
_beng
_cFEDL
041 _aeng
_2eng
084 _a370.1, INT
_qFEDL
245 0 _aSome aspects of educational developments in 1965-1966 : A comparative study
260 _aGeneva
_bInternational Bureau of Education
300 _aLvip.
650 _aEducation - Philosophy
942 _cTEXL
_h370.1, INT
999 _c1353831
_d1353831